Химический дизайн. Дизайн нанотехнологии и метахимии в науке и рефлексии естествознания

Detalles Bibliográficos
Autores Corporativos: Сибирский государственный университет путей сообщения (СГУПС), Международная академия наук (МАН) Центр ноосферной защиты им. Н. Д. Зелинского (ЦНЗ)
Sumario:Сборник посвящен рассмотрению проблем химического дизайна задач естествознания в рамках синтеза опыта рефлексии в науке и нанотехнологии.Представлены работы сотруднико СГУПС кафедры "Химия". Рассматриваются задачи рефлексии в нанотехнологии и метахимии, приводящие к конкретным решениям проблемных ситуаций в науке, химического дизайна как синтеза пропедевтики обучения.
Lenguaje:ruso
Publicado: Новосибирск, Chem.Lab.NCD, 2010
Materias:
Formato: Libro
KOHA link:https://koha.lib.tpu.ru/cgi-bin/koha/opac-detail.pl?biblionumber=174769

MARC

LEADER 00000nam0a2200000 4500
001 174769
005 20231101223200.0
010 |a 0824724976 
035 |a (RuTPU)RU\TPU\book\189517 
090 |a 174769 
100 |a 20100204d2010 k y0rusy50 ca 
101 0 |a rus 
102 |a RU 
105 |a y z 001zy 
200 1 |a Химический дизайн. Дизайн нанотехнологии и метахимии в науке и рефлексии естествознания  |f Сибирский государственный университет путей сообщения (СГУПС) ; Международная академия наук (МАН), Центр ноосферной защиты им. Н. Д. Зелинского (ЦНЗ) 
210 |a Новосибирск  |c Chem.Lab.NCD  |d 2010 
215 |a 100 с. 
320 |a Библиогр. в конце докл. 
330 |a Сборник посвящен рассмотрению проблем химического дизайна задач естествознания в рамках синтеза опыта рефлексии в науке и нанотехнологии.Представлены работы сотруднико СГУПС кафедры "Химия". Рассматриваются задачи рефлексии в нанотехнологии и метахимии, приводящие к конкретным решениям проблемных ситуаций в науке, химического дизайна как синтеза пропедевтики обучения. 
606 1 |a Химический дизайн  |2 stltpush  |3 (RuTPU)RU\TPU\subj\27944  |9 51585 
610 1 |a нанотехнологии 
610 1 |a метахимия 
610 1 |a естествознание 
610 1 |a рефлексия 
610 1 |a композиционные зернистые среды 
610 1 |a цемент 
610 1 |a гидротурбинные установки 
610 1 |a гидротурбулентная активация 
610 1 |a бурение 
610 1 |a отходы 
610 1 |a обезвреживание 
675 |a 54  |v 3 
712 0 2 |a Сибирский государственный университет путей сообщения (СГУПС)  |c (Новосибирск)  |2 stltpush  |3 (RuTPU)RU\TPU\col\140 
712 0 2 |a Международная академия наук (МАН)  |b Центр ноосферной защиты им. Н. Д. Зелинского (ЦНЗ)  |c (Москва)  |2 stltpush  |3 (RuTPU)RU\TPU\col\399 
801 1 |a RU  |b 63413507  |c 20100204 
801 2 |a RU  |b 63413507  |c 20131216  |g RCR 
942 |c BK